Monnaies les plus fortes du monde - Statistiques

Statistiques générales
  • Ce quiz a été pris 115 fois
  • Le résultat moyen est 4 sur 10
Statistiques - réponses
Classement Pays Monnaie Valeur inversée en € (EUR) % Correct
8 Etats-Unis Dollar américain 1.16
96%
10 Canada Dollar canadien 1.62
72%
5 Royaume-Uni Livre Sterling 0.87
72%
6 Suisse Franc suisse 0.93
68%
11 Australie Dollar australien 1.77
61%
1 Koweït Dinar koweïten 0.36
30%
3 Oman Rial omanais 0.45
21%
2 Bahreïn Dinar bahreïnien 0.44
18%
4 Jordanie Dinar jordanien 0.82
7%
9 Bahamas Dollar bahaméen 1.16
4%
Aucun quiz correspondant
Distribution des résultats
% des personnes avec chaque résultat
Percentile par nombre de réponses
Votre historique - résultats
Vous n’avez pas pris ce quiz